| 000 | 00391nam a2200133Ia 4500 | ||
|---|---|---|---|
| 005 | 20260328104254.0 | ||
| 008 | 260328s9999||||xx |||||||||||||| ||und|| | ||
| 100 | _aRogondino, Michael | ||
| 245 | 0 |
_aProcess Color Manual, 24,000 CMYK Combinations for Design, Prepress, and Printing / _cMichael Rogondino |
|
| 260 | _bChronicle Books | ||
| 300 | _a256 p. | ||
| 650 | _aCOLORES | ||
| 942 | _cBK | ||
| 999 |
_c10378 _d10378 |
||